| 000 | 00636nam a22001937a 4500 | ||
|---|---|---|---|
| 005 | 20180605144931.0 | ||
| 008 | 180605b ||||| |||| 00| 0 eng d | ||
| 040 |
_cSATI _bind |
||
| 050 |
_aBV2625 _b.A3 1966 |
||
| 082 | _a261.2 | ||
| 100 |
_d1887-1953. _aAddison, James Thayer, |
||
| 245 |
_aThe Christian Approach to the Moslem: _ba Historical Study. |
||
| 260 |
_aNew York : _bAMS Press, _c1966, 1942. |
||
| 300 |
_ax, 365p. _c24 cm. |
||
| 500 |
_aReprint of the ed. published by Columbia University Press, New York. _aIncludes index. |
||
| 504 | _aBibliography: p. [325]-343. | ||
| 650 | 0 | 4 | _aMissions, Muslims. |
| 942 |
_2lcc _cBUKU |
||
| 999 |
_c10351 _d10351 |
||